| 000 | 00810nam a22002537a 4500 | ||
|---|---|---|---|
| 001 | 91466 | ||
| 003 | UA-OsUOA | ||
| 005 | 20260402155305.0 | ||
| 007 | ta | ||
| 008 | 20121128b un ||||| |||| 00| 0 ukr d | ||
| 020 | _a5308003254 | ||
| 040 |
_aUA-OsUOA _bukr _cUA-OsUOA _dUA-OsUOA |
||
| 041 | _aukr | ||
| 080 | _a821.161.2 | ||
| 090 |
_a821.161.2 _bТ89 |
||
| 100 |
_aТурянський О. _924693 |
||
| 245 |
_aПоза межами болю. Син землі _bповість-поема, роман, оповідання _cОсип Турянський |
||
| 260 |
_aК. _bДніпро _c1989 |
||
| 300 | _a335 с. | ||
| 650 | 7 |
_a821.161.2 Українська література _2UDC _941 |
|
| 942 |
_cBK _2udc |
||
| 955 | _a3 | ||
| 999 |
_c377727 _d377727 |
||